| 000 | 00732nam a22002651a 4500 | ||
|---|---|---|---|
| 003 | AR-BaBN | ||
| 005 | 20250625151601.0 | ||
| 007 | ta | ||
| 008 | 050315s1998 ag |||||||||||||| ||spa | ||
| 015 | _aAR-1998 | ||
| 020 | _a9506021597 | ||
| 040 |
_aAR-BaBN _bspa _cAR-BaBN _eaacr |
||
| 044 |
_aag _car-c |
||
| 080 | _a150.195 | ||
| 100 | 1 | _aKrajzman, Maurice Moshé | |
| 245 | 1 | 3 | _aEl lugar del amor en el psicoanálisis. |
| 260 |
_aBuenos Aires : _bNueva Visión, _c1998. |
||
| 300 | _a133 p. | ||
| 650 |
_aPSICOLOGIA _9108 |
||
| 650 | _aPSICOTERAPIA | ||
| 930 | 1 |
_lBNA01 _mLIBRO _600035902 _820110912 _f11 _n000 _o000653651 |
|
| 942 |
_2cdu _cBK |
||
| 956 |
_aGSL _b00 _c20110916 _lBNA01 _h0011 |
||
| 956 |
_aGSL _c20130614 _lBNA01 _h1914 |
||
| 999 |
_c6068 _d6068 |
||